000 00511nam a2200181Ia 4500
003 IN-BaIIA
008 211028s9999 xx 000 0 eng d
020 _a90-277-0399-X
040 _cIIA Library
080 _a523.984
_bTAN
100 _aTandberg-Hanssen, Einar
_95892
245 0 _aSolar prominences
_cEinar Tandberg-Hanssen
260 _aDordrecht
_bD. Reidel Publishing
_c1974
300 _axiii, 155p.
490 _aGeophysics and astrophysics monographs; v. 12
650 _aSolar physics
942 _cBK
999 _c4723
_d4723